[Event "RSA-chT U16"]
[Site "Cape Town"]
[Date "2016.01.06"]
[Round "6.8"]
[White "Andrews, Donovan"]
[Black "Wessels, Adri"]
[Result "0-1"]
[WhiteElo "1019"]
[BlackElo "1587"]
[PlyCount "38"]
[EventDate "2016.01.04"]
[EventType "team-tourn"]
[EventRounds "7"]
[EventCountry "RSA"]
[SourceTitle "CBM 170 Extra"]
[Source "ChessBase"]
[SourceDate "2016.02.25"]
[SourceVersion "1"]
[SourceVersionDate "2016.02.25"]
[SourceQuality "1"]
[WhiteTeam "Kenneth Kaunda"]
[BlackTeam "Western Province"]
[WhiteTeamCountry "RSA"]
[BlackTeamCountry "RSA"]

1. e4 c6 2. Nf3 d5 3. exd5 cxd5 4. d4 Bf5 5. Bd3 Bg6 6. Bf4 Nc6 7. 0-0 e6 8. Nc3 a6 9. a3 Bd6 10. Qd2 Bxd3 11. cxd3 Nf6 12. Rfe1 0-0 13. Bxd6 Qxd6 14. Qg5 Qe7 15. Rac1 Rac8 16. Na2 Rfe8 17. b4 Nd7 18. Qf4 Qf8 19. h3 b6 0-1

[Event "RSA-ch U14"]
[Site "Waterkloof"]
[Date "2015.04.06"]
[Round "3"]
[White "Marais, Dawid Jacobus"]
[Black "Wessels, Adri"]
[Result "0-1"]
[WhiteElo "1211"]
[BlackElo "1410"]
[PlyCount "72"]
[EventDate "2015.04.04"]
[EventType "swiss"]
[EventRounds "9"]
[EventCountry "RSA"]
[SourceTitle "CBM 166 Extra"]
[Source "ChessBase"]
[SourceDate "2015.06.18"]
[SourceVersion "1"]
[SourceVersionDate "2015.06.18"]
[SourceQuality "1"]

1. e4 c6 2. d4 d5 3. exd5 cxd5 4. Bd3 Nc6 5. c3 Nf6 6. Bf4 Bg4 7. Qb3 Qc8 8. Nd2 e6 9. Ngf3 Be7 10. 0-0 Bh5 11. Rfe1 0-0 12. Ne5 Nxe5 13. Bxe5 Bg6 14. Bxg6 hxg6 15. Rac1 Qd7 16. c4 dxc4 17. Rxc4 Rac8 18. Rec1 Nd5 19. Nf3 Rfd8 20. a3 Rxc4 21. Rxc4 Rc8 22. Qc2 Rc6 23. Bg3 Bf6 24. Ne5 Bxe5 25. dxe5 Rxc4 26. Qxc4 Nb6 27. Qc1 Qd5 28. h3 Qc4 29. Qg5 Qc7 30. b3 Nd5 31. Qd2 Qc3 32. Qg5 Qa1+ 33. Kh2 Qxa3 34. Qd8+ Qf8 35. Qd6 Qxd6 36. exd6 Kf8 0-1